|
|
|
|
| LEADER |
00000nam a2200000 4500 |
| 001 |
vtls011998112 |
| 003 |
SK-MaSNL |
| 005 |
20260301054014.0 |
| 008 |
220509s2019 xo ao frn 000 0 eng |
| 015 |
|
|
|a SNBA2021/03
|
| 020 |
|
|
|a 9788055814773
|q (viazané)
|
| 035 |
|
|
|a urn:nbn:sk:snk-am00gg7k
|
| 035 |
|
|
|a urn:nbn:sk:snk-am3j6te
|
| 035 |
|
|
|a E09CFBEB-BA29-4C91-AC8B-4A61C28FDDB8
|
| 040 |
|
|
|a SNK
|b slo
|c SNK
|e rda
|
| 041 |
0 |
|
|a eng
|
| 044 |
|
|
|a xo
|c SK
|
| 072 |
|
7 |
|a 39
|x Etnológia. Etnografia. Folklór
|2 konspekt
|
| 080 |
|
|
|a 39
|2 2011
|
| 080 |
|
|
|a 78.031.4
|2 2011
|
| 080 |
|
|
|a 793.31
|2 2011
|
| 080 |
|
|
|a (082)
|2 2011
|
| 245 |
0 |
0 |
|a Traditional Music and Dance in Contemporary Culture(s)
|c editors Jana Ambrózová, Bernard Garaj ; translation into English: Ľuboš Török, Viktória Valentová Kukucsová, Ľuboš Valent, Marcos Perez, Robert Charles Kochersberger, Shaun Williams
|
| 250 |
|
|
|a First edition
|
| 264 |
|
1 |
|a Nitra
|b Constantine the Philosopher University in Nitra
|c 2019
|
| 300 |
|
|
|a 258 strán
|b fotografie, tabuľky
|c 23 cm
|
| 336 |
|
|
|a text
|b txt
|2 rdacontent
|
| 337 |
|
|
|a bez média
|b n
|2 rdamedia
|
| 338 |
|
|
|a zväzok
|b nc
|2 rdacarrier
|
| 504 |
|
|
|a Bibliografia na strane 252-254
|
| 650 |
0 |
7 |
|a ľudová kultúra
|2 SNKPH
|9 66058
|
| 650 |
0 |
7 |
|a ľudová hudba
|2 SNKPH
|9 3183
|
| 650 |
0 |
7 |
|a ľudové tance
|2 SNKPH
|9 3311
|
| 650 |
0 |
7 |
|a etnológia
|2 SNKPH
|9 715
|
| 650 |
0 |
7 |
|a Folk culture
|2 SNKPHeng
|9 265677
|
| 650 |
0 |
7 |
|a Folk music
|2 SNKPHeng
|9 90462
|
| 650 |
0 |
7 |
|a Folk dances
|2 SNKPHeng
|9 302926
|
| 650 |
0 |
7 |
|a Ethnology
|2 SNKPHeng
|9 265419
|
| 655 |
|
7 |
|a zborníky
|2 SNKPH
|9 70165
|
| 655 |
|
7 |
|a Papers of several authors
|2 SNKPHeng
|9 153738
|
| 700 |
1 |
|
|a Ambrózová, Jana,
|d 1982-
|4 edt
|9 210170
|
| 700 |
1 |
|
|a Garaj, Bernard,
|d 1960-
|4 edt
|9 231482
|
| 700 |
1 |
|
|a Török, Ľuboš,
|d 1979-
|4 trl
|9 365352
|
| 700 |
1 |
|
|a Valentová Kukucsová, Viktória
|4 trl
|9 365353
|
| 700 |
1 |
|
|a Valent, Ľuboš
|4 trl
|9 365354
|
| 700 |
1 |
|
|a Perez, Marcos
|4 trl
|9 365355
|
| 700 |
1 |
|
|a Kochersberger, Robert Charles
|4 trl
|9 365356
|
| 700 |
1 |
|
|a Williams, Shaun
|4 trl
|9 365357
|
| 919 |
|
|
|a 978-80-558-1477-3
|
| 958 |
|
|
|a NB
|
| 999 |
|
|
|c 609809
|d 611739
|
| 952 |
|
|
|a SNK
|b SNK
|y PREZ
|7 0
|p 17A1444549
|o snkSC 190578
|i snk2020/18744
|8 0
|0 0
|1 0
|4 0
|d 2020-10-15
|f 1
|l 0
|r 2025-10-07 00:00:00
|w 2026-02-23
|
| 952 |
|
|
|a SNK
|b SNK
|y VYP
|7 0
|p 17A1444550
|o snkSC 190578 D1
|i snk2020/18745
|8 0
|0 0
|1 0
|4 0
|d 2020-10-15
|l 0
|r 2026-02-23 16:20:06
|w 2026-02-23
|